| 000 | 00653nam a22002177a 4500 | ||
|---|---|---|---|
| 003 | BUBTL | ||
| 008 | 211202b ||||| |||| 00| 0 eng d | ||
| 020 | _a0030314615 | ||
| 082 | _a658.15/ B7685f/ 2001 | ||
| 100 |
_913 _aBrigham, Fugene F. |
||
| 245 |
_aFundamentals of Financial Management : _bEugene F. Brigham and Joel F. Houston |
||
| 250 | _a9th | ||
| 260 |
_aIndia _bMollick and Brothers _cc2001 |
||
| 300 |
_a[xxxvi], 959p . : _bill. Table ; 24cm |
||
| 521 | _aIncludes Index | ||
| 650 | _aFinance | ||
| 700 | _aEugene F. Brigham and Joel F. Houston | ||
| 856 |
_k0 _l0 _yDownload |
||
| 942 |
_2ddc _cBK |
||
| 999 |
_c6592 _d6592 |
||